| 000 | 00371pam a2200145a 44500 | ||
|---|---|---|---|
| 008 | 230405s1985 xxu||||| |||| 00| 0 eng d | ||
| 041 | _aENG | ||
| 100 | _aMundra J.N. | ||
| 245 | _aAspects Of ShakeSpeare | ||
| 260 |
_aMUMBAI _bSTUDENT EDITION _c1985 |
||
| 440 | _aSource=RATNAKAR BOOK STOLL MIRAJ | ||
| 650 | _aENGLISH LITERATURE | ||
| 690 | _aENGLISH | ||
| 906 | _a560 | ||
| 999 |
_c780784 _d780784 |
||